Industrial relations and economic development / (Record no. 2554)
[ view plain ]
| 000 -LEADER | |
|---|---|
| fixed length control field | 01124cam a22002891 4500 |
| 001 - CONTROL NUMBER | |
| control field | 2554 |
| 003 - CONTROL NUMBER IDENTIFIER | |
| rucl marc code | BD-RjUL |
| 005 - DATE AND TIME OF LATEST TRANSACTION | |
| control field | 20211208233559.0 |
| 008 - FIXED-LENGTH DATA ELEMENTS--GENERAL INFORMATION | |
| fixed length control field | 131212s1966 enk b 101 0 eng d |
| 035 ## - SYSTEM CONTROL NUMBER | |
| System control number | (BD-RjUL) 2581 |
| 040 ## - CATALOGING SOURCE | |
| Original cataloging agency | DLC |
| Transcribing agency | DLC |
| Modifying agency | DLC |
| -- | BD-RjUL |
| Language of cataloging | eng |
| 041 ## - LANGUAGE CODE | |
| Language code of text/sound track or separate title | eng |
| 082 00 - DEWEY DECIMAL CLASSIFICATION NUMBER | |
| Classification number | 331.191724 |
| Author mark and year | IND 1966 |
| 111 2# - MAIN ENTRY--MEETING NAME | |
| Meeting name or jurisdiction name as entry element | Research Conference on Industrial Relations and Economic Development, |
| Location of meeting | Geneva, |
| Date of meeting | 1966. |
| 9 (RLIN) | 8252 |
| 245 10 - TITLE STATEMENT | |
| Title | Industrial relations and economic development / |
| Statement of responsibility, etc. | Arthur M. Ross. |
| 260 ## - PUBLICATION, DISTRIBUTION, ETC. (IMPRINT) | |
| Place of publication, distribution, etc. | London, |
| Name of publisher, distributor, etc. | published for the International Institute for Labour Studies by Macmillan, |
| Date of publication, distribution, etc. | c1966 |
| 300 ## - PHYSICAL DESCRIPTION | |
| Pagination | xxxv, 413 p.; |
| Size | 22 cm. |
| 504 ## - BIBLIOGRAPHY, ETC. NOTE | |
| Bibliography, etc | "Literature on industrial relations and economic development": p. [321]-406. Bibliographical footnotes. |
| 650 #0 - SUBJECT ADDED ENTRY--TOPICAL TERM | |
| Topical term or geographic name as entry element | Industrial relations |
| General subdivision | Congresses. |
| 9 (RLIN) | 8253 |
| Topical term or geographic name as entry element | Economic development |
| General subdivision | Congresses. |
| 9 (RLIN) | 8254 |
| Topical term or geographic name as entry element | Industrial policy |
| General subdivision | Congresses. |
| 9 (RLIN) | 8255 |
| 700 1# - ADDED ENTRY--PERSONAL NAME | |
| Personal name | Ross, Arthur Max, |
| Relator term | ed. |
| 710 2# - ADDED ENTRY--CORPORATE NAME | |
| Corporate name or jurisdiction name as entry element | International Institute for Labour Studies. |
| 9 (RLIN) | 8257 |
| 942 ## - ADDED ENTRY ELEMENTS (KOHA) | |
| Source of classification or shelving scheme | Dewey Decimal Classification |
| Koha item type | Books |
| Lost status | Source of classification or shelving scheme | Damaged status | Not for loan | Collection code | Permanent Location | Current Location | Shelving location | Date acquired | Source of acquisition | Cost, normal purchase price | Total Checkouts | Full call number | Date last seen | Copy number | Koha item type |
|---|---|---|---|---|---|---|---|---|---|---|---|---|---|---|---|
| Dewey Decimal Classification | Non-fiction | Central Library, University of Rajshahi | Central Library, University of Rajshahi | Reading Room | 04/12/1968 | Zeitlinger | 63.00 | 331.191724 IND 1966 | 12/12/2013 | C-2 | Books | ||||
| Dewey Decimal Classification | Non-fiction | Central Library, University of Rajshahi | Central Library, University of Rajshahi | 04/12/1968 | Zeitlinger | 63.00 | 331.191724 IND 1966 | 12/12/2013 | C-3 | Books | |||||
| Dewey Decimal Classification | Non-fiction | Central Library, University of Rajshahi | Central Library, University of Rajshahi | 18/08/1969 | zeitlinger | 90.00 | 331.191724 IND 1966 | 17/12/2013 | C-5 | Books | |||||
| Dewey Decimal Classification | Non-fiction | Central Library, University of Rajshahi | Central Library, University of Rajshahi | 18/08/1969 | zeitlinger | 90.00 | 331.191724 IND 1966 | 27/07/2016 | C-4 | Books |